000 00485nam a2200169Ia 4500
005 20250508151617.0
008 008 250505s9999 xx 000 0 eng d
037 _aTextual
040 _aFEDL
_beng
_cFEDL
041 _aeng
_2eng
084 _a370.7, STA
_qFEDL
245 0 _aStudies in education from the department of education the state university of Iowa
300 _a138-153p
650 _aEducation
942 _cTEXL
_h370.7, STA
999 _c1330927
_d1330927